000 00927nam a22003257a 4500
005 20260413145656.0
008 170721b2007 xxu||||| |||| 00| 0 spa d
020 _a9788479026691
041 _aESP
082 _a364.4 T468m
100 _aThompson, Leroy
_943477
245 _aManual del escolta privado: tecnicas profesionales de protección basadas en la experiencia de los mejores agentes del mundo
260 _aEspaña
260 _bTutor
260 _c2007
300 _a182 páginas
490 _aInvestigación Criminal
650 _aSEGURIDAD PERSONA
650 _aPERSONAL DE SEGURIDAD
650 _aARMAS
650 _aAPARICIONES PÚBLICAS
650 _aPERSONAS IMPORTANTES
650 _aESCOLTA
650 _aEVALUACIÓN DE AMENAZAS
650 _aSEGURIDAD DE VEHÍCULOS
650 _aDETECCIÓN DE EXPLOSIVOS
650 _aFRANCOTIRADORES
650 _aSIMULACROS
942 _cBK
_2ddc
999 _c9659
_d9659